000
00457nam a2200145Ia 4500
008
100204s9999 xx 000 0 und d
082
_b
25644
100
_a
दवणे प्रविण
245
_a
सावर रे भाग 3
260
_b
"नवचैतन्य प्रकाशन, मुंबई"
_c
2003
300
_a
144
630
_a
सावर रे भाग 3
730
_a
सावर रे भाग 3
942
_c
BOOK
999
_c
470825
_d
470822